King pig (Record no. 365055)
[ view plain ]
| 000 -LEADER | |
|---|---|
| fixed length control field | 00451nam a22001697a 4500 |
| 003 - CONTROL NUMBER IDENTIFIER | |
| control field | 0 |
| 005 - DATE AND TIME OF LATEST TRANSACTION | |
| control field | 20230620131153.0 |
| 008 - FIXED-LENGTH DATA ELEMENTS--GENERAL INFORMATION | |
| fixed length control field | 230620b xxu||||| |||| 00| 0 eng d |
| 020 ## - INTERNATIONAL STANDARD BOOK NUMBER | |
| International Standard Book Number | 978-981-09-3991-5 |
| 082 ## - DEWEY DECIMAL CLASSIFICATION NUMBER | |
| Classification number | ER |
| Item number | .Bl642 2013 |
| 245 ## - TITLE STATEMENT | |
| Title | King pig |
| Statement of responsibility, etc | Bland, Nick |
| 260 ## - PUBLICATION, DISTRIBUTION, ETC. (IMPRINT) | |
| Place of publication, distribution, etc | New York |
| Name of publisher, distributor, etc | Scholastic, Inc. |
| Date of publication, distribution, etc | c2013 |
| 300 ## - PHYSICAL DESCRIPTION | |
| Extent | 32pp. |
| Other physical details | col. ill. |
| Dimensions | 24cm. |
| 500 ## - GENERAL NOTE | |
| General note | Children's stories. |
| 500 ## - GENERAL NOTE | |
| General note | Animals-Picture books. |
| 942 ## - ADDED ENTRY ELEMENTS (KOHA) | |
| Source of classification or shelving scheme | Dewey Decimal Classification |
| Koha item type | Easy Reading |
| Withdrawn status | Lost status | Source of classification or shelving scheme | Damaged status | Home library | Current library | Shelving location | Date acquired | Source of acquisition | Sub Shelving location | Total Checkouts | Full call number | Barcode | Date last seen | Price effective from | Koha item type |
|---|---|---|---|---|---|---|---|---|---|---|---|---|---|---|---|
| Dewey Decimal Classification | Munich Library | Munich Library | Easy Reading Section | 06/20/2023 | Library Fund | ER Bl642 2013 | M8077 | 06/20/2023 | 06/20/2023 | Easy Reading | |||||
| Dewey Decimal Classification | Munich Library | Munich Library | Easy Reading Section | 04/22/2024 | Library Fund | ER Bl642 2013 | M8669 | 04/22/2024 | 04/22/2024 | Easy Reading |